Employment Social Protection and Inclusive Growth in South Asis. (Record no. 613763)

MARC details
000 -LEADER
fixed length control field 00761nam a2200241Ia 4500
003 - CONTROL NUMBER IDENTIFIER
control field OSt
005 - DATE AND TIME OF LATEST TRANSACTION
control field 20220926005421.0
008 - FIXED-LENGTH DATA ELEMENTS--GENERAL INFORMATION
fixed length control field 220923b |||||||| |||| 00| 0 eng d
037 ## - SOURCE OF ACQUISITION
Terms of availability General Book
040 ## - CATALOGING SOURCE
Original cataloging agency RTL
Transcribing agency RTL
Language of cataloging eng
041 ## - LANGUAGE CODE
Source of code eng
Language code of text/sound track or separate title eng
100 ## - MAIN ENTRY--PERSONAL NAME
Personal name NATHAN Dev
245 #0 - TITLE STATEMENT
Title Employment Social Protection and Inclusive Growth in South Asis.
260 ## - PUBLICATION, DISTRIBUTION, ETC.
Place of publication, distribution, etc. New Delhi
Name of publisher, distributor, etc. South Asia Press
Date of publication, distribution, etc. 2017
300 ## - PHYSICAL DESCRIPTION
Extent xxii, 331P.
Dimensions cm.
650 ## - SUBJECT ADDED ENTRY--TOPICAL TERM
Topical term or geographic name entry element Economics
700 ## - ADDED ENTRY--PERSONAL NAME
Personal name SHARMA Akhilesh K
9 (RLIN) 310259
942 ## - ADDED ENTRY ELEMENTS (KOHA)
Koha item type General Books
Source of classification or shelving scheme Colon Classification (CC)
Holdings
Withdrawn status Lost status Damaged status Not for loan Home library Current library Date acquired Source of acquisition Cost, normal purchase price Total Checkouts Barcode Date last seen Cost, replacement price Price effective from Koha item type
        Ratan Tata Library Ratan Tata Library 2022-09-26 60/A, 28/01/2019, CLASSIC BOOKS SERVICES 1295.00   RT01583973- 974 2022-09-26 1295.00 2022-09-26 General Books
Copyright @ Delhi University Library System